| 000 | 00450nam a2200169 a 4500 | ||
|---|---|---|---|
| 005 | 20140310183436.0 | ||
| 008 | 080415s19uu xx 00 eng d | ||
| 020 | _a0446612669 | ||
| 050 |
_aPZ 7 _b.Sc425 2003 |
||
| 100 | _aScott, Amanda | ||
| 245 |
_aThe secret clan : _bhighland bride / _c Amanda Scott. |
||
| 260 |
_aNew York : _bWarner Books, _c2003. |
||
| 300 |
_a434 p. : _c18 cm. |
||
| 650 | _aFiction. | ||
| 942 |
_cBK _2lcc |
||
| 999 |
_c22904 _d22904 |
||